MAASAI MARA UNIVERSITY

LIBRARY CATALOGUE

Contact Us: +254 020 2685356/7 or 0774 057787

Box: 861-20500, NAROK, KENYA

Email: info@mmarau.ac.ke

_Classroom Success for the LD and ADHD child / Suzanne H. Stevens (Record no. 14453)

MARC details
000 -LEADER
fixed length control field 00492nam a2200157Ia 4500
008 - FIXED-LENGTH DATA ELEMENTS--GENERAL INFORMATION
fixed length control field 151021s9999 xx 000 0 und d
020 ## - INTERNATIONAL STANDARD BOOK NUMBER
International Standard Book Number 895871599
050 ## - LIBRARY OF CONGRESS CALL NUMBER
Classification number LC 4705 .S74 1996
245 ## - TITLE STATEMENT
Title _Classroom Success for the LD and ADHD child / Suzanne H. Stevens
260 ## - PUBLICATION, DISTRIBUTION, ETC. (IMPRINT)
Place of publication, distribution, etc. North Carolina: John F. Blair, 1996
300 ## - PHYSICAL DESCRIPTION
Extent x,342 p.
500 ## - GENERAL NOTE
General note Includes index
500 ## - GENERAL NOTE
General note Includes index
650 ## - SUBJECT ADDED ENTRY--TOPICAL TERM
Topical term or geographic name as entry element _Learning Disabled Children-Education
980 ## - EQUIVALENCE OR CROSS-REFERENCE-SERIES STATEMENT--PERSONAL NAME/TITLE [LOCAL, CANADA]
Personal name ^d20131011 11:33:44^oanne

No items available.

© 2016 Maasai Mara University.